La expresión oral / Jorge O. Fernández (Registro nro. 3524)

Detalles MARC
000 -LEADER
fixed length control field 00503nam a22002051a 4500
001 - CONTROL NUMBER
control field 3524
003 - CONTROL NUMBER IDENTIFIER
control field OSt
005 - DATE AND TIME OF LATEST TRANSACTION
control field 20260204211854.0
008 - FIXED-LENGTH DATA ELEMENTS--GENERAL INFORMATION
fixed length control field 041127s1999||||ag ||||||b||||||||||spa||
020 ## - NUMERO DE LIBRO INTERNACIONAL NORMALIZADO
International Standard Book Number 9505772343
050 ## - LIBRARY OF CONGRESS CALL NUMBER
Classification number 791.44028 F391e
082 ## - DEWEY DECIMAL CLASSIFICATION NUMBER
Classification number 791.44028 F391e
100 ## - ASIENTO PRINCIPAL -- NOMBRE PERSONAL
Personal name Fernández, Jorge O.
245 ## - TÍTULO PROPIAMENTE DICHO: SUBTÍTULO
Title La expresión oral / Jorge O. Fernández
250 ## - MENCIÓN DE EDICIÓN
Edition statement 2
264 ## - PRODUCTION, PUBLICATION, DISTRIBUTION, MANUFACTURE, AND COPYRIGHT NOTICE
Place of production, publication, distribution, manufacture Argentina : Editorial de Belgrano
300 ## - PHYSICAL DESCRIPTION
Extensión 158 p
650 ## - ASIENTO SECUNDARIO DE MATERIA -- TERMINO TEMÁTICO
Termino Temático Como Elemento de Entrada 1.Expresión OralÌ
942 ## - ADDED ENTRY ELEMENTS (KOHA)
Source of classification or shelving scheme Dewey Decimal Classification
Koha item type Libros
Existencias
Withdrawn status Lost status Source of classification or shelving scheme Damaged status Not for loan Current library Date acquired Full call number Barcode Date last seen Price effective from Koha item type
    Dewey Decimal Classification Descartado para donación   Biblioteca UTECO 09/09/2019 791.44028 F391E 008001 09/09/2019 09/09/2019 Libros
© 2021 Derechos Reservados UTECO - Teléfono: +1 809-585-2291 - Correo electrónico: biblioteca@uteco.edu.do​  
Código postal 43000 ​​
Dirección: Avenida Universitaria No. 100, 
Cotuí, Provincia Sánchez Ramírez, República Dominicana - RNC: 404-00059-6